000 00574nam a2200205Ia 4500
005 20241129111422.0
008 241129s9999||||xx |||||||||||||| ||und||
037 _aTB
040 _aCRL
_beng
_cCRL
041 _aurd
_2urd
084 _aO168,3N50,CH R2
_qCRL
100 _aNoorul Hasnain Au.
_9191687
245 0 _aChand ham se batein karta hai
_cNoorul Hasnain Au.
260 _aLucknow, India
_bMatterlink
_c2022
300 _a455p.
365 _aINR
_b700
650 _aUrdu Fiction
_93298
942 _cTB
_hO168,3N50,CH R2
999 _c1230378
_d1230378